<?xml version="1.0" encoding="UTF-8"?>
<record
    xmlns:xsi="http://www.w3.org/2001/XMLSchema-instance"
    xsi:schemaLocation="http://www.loc.gov/MARC21/slim http://www.loc.gov/standards/marcxml/schema/MARC21slim.xsd"
    xmlns="http://www.loc.gov/MARC21/slim">

  <leader>03203nam a2200541Ia 4500</leader>
  <controlfield tag="001">1146</controlfield>
  <controlfield tag="008">241029s9999    xx            000 0 und d</controlfield>
  <datafield tag="010" ind1=" " ind2=" ">
    <subfield code="a">1057</subfield>
  </datafield>
  <datafield tag="041" ind1=" " ind2=" ">
    <subfield code="a">Espa&#xF1;ol</subfield>
  </datafield>
  <datafield tag="082" ind1=" " ind2=" ">
    <subfield code="a">USCD MSG 0005 2013</subfield>
  </datafield>
  <datafield tag="245" ind1=" " ind2="0">
    <subfield code="a">Propuesta de un Programa de Capacitaci&#xF3;n para Docentes de Odontolog&#xED;a, en el Uso y Manejo de las Nuevas Tecnolog&#xED;as Aplicadas a la Educaci&#xF3;n de la Universidad Federico Henr&#xED;quez y Carvajal a&#xF1;o 2013.</subfield>
  </datafield>
  <datafield tag="260" ind1=" " ind2=" ">
    <subfield code="a">Santo Domingo</subfield>
  </datafield>
  <datafield tag="300" ind1=" " ind2=" ">
    <subfield code="a">47</subfield>
  </datafield>
  <datafield tag="520" ind1=" " ind2=" ">
    <subfield code="a">29</subfield>
  </datafield>
  <datafield tag="630" ind1=" " ind2=" ">
    <subfield code="a">Capacitaci&#xF3;n Docente</subfield>
  </datafield>
  <datafield tag="630" ind1=" " ind2=" ">
    <subfield code="a">Propuesta</subfield>
  </datafield>
  <datafield tag="630" ind1=" " ind2=" ">
    <subfield code="a">Tecnolog&#xED;a Educativa</subfield>
  </datafield>
  <datafield tag="650" ind1=" " ind2=" ">
    <subfield code="a">Capacitaci&#xF3;n Docente</subfield>
  </datafield>
  <datafield tag="690" ind1=" " ind2=" ">
    <subfield code="a">Elaborado</subfield>
  </datafield>
  <datafield tag="700" ind1=" " ind2=" ">
    <subfield code="e">asesor</subfield>
    <subfield code="a">Matos, Patricia</subfield>
  </datafield>
  <datafield tag="700" ind1=" " ind2=" ">
    <subfield code="e">autor</subfield>
    <subfield code="a">De los Santos , Carlos</subfield>
  </datafield>
  <datafield tag="901" ind1=" " ind2=" ">
    <subfield code="a">{"1":"De los Santos "}</subfield>
    <subfield code="b">{"1":"Carlos"}</subfield>
  </datafield>
  <datafield tag="902" ind1=" " ind2=" ">
    <subfield code="a">1</subfield>
  </datafield>
  <datafield tag="903" ind1=" " ind2=" ">
    <subfield code="a">{"1":"Matos"}</subfield>
    <subfield code="b">{"1":"Patricia"}</subfield>
  </datafield>
  <datafield tag="904" ind1=" " ind2=" ">
    <subfield code="a">Maestr&#xED;a en</subfield>
  </datafield>
  <datafield tag="905" ind1=" " ind2=" ">
    <subfield code="a">Educaci&#xF3;n Superior</subfield>
  </datafield>
  <datafield tag="906" ind1=" " ind2=" ">
    <subfield code="a">2</subfield>
  </datafield>
  <datafield tag="907" ind1=" " ind2=" ">
    <subfield code="a">NO APLICA</subfield>
  </datafield>
  <datafield tag="908" ind1=" " ind2=" ">
    <subfield code="a">NO APLICA</subfield>
  </datafield>
  <datafield tag="909" ind1=" " ind2=" ">
    <subfield code="a">Universidad Cat&#xF3;lica de Santo Domingo (UCSD)</subfield>
  </datafield>
  <datafield tag="910" ind1=" " ind2=" ">
    <subfield code="a">NULL</subfield>
    <subfield code="b">NULL</subfield>
  </datafield>
  <datafield tag="911" ind1=" " ind2=" ">
    <subfield code="a">["1"]</subfield>
  </datafield>
  <datafield tag="912" ind1=" " ind2=" ">
    <subfield code="a">NO APLICA</subfield>
  </datafield>
  <datafield tag="913" ind1=" " ind2=" ">
    <subfield code="a">NULL</subfield>
  </datafield>
  <datafield tag="914" ind1=" " ind2=" ">
    <subfield code="a">01 de Enero de 2013</subfield>
  </datafield>
  <datafield tag="915" ind1=" " ind2=" ">
    <subfield code="a">03/07/14 12:07</subfield>
  </datafield>
  <datafield tag="916" ind1=" " ind2=" ">
    <subfield code="a">NULL</subfield>
  </datafield>
  <datafield tag="917" ind1=" " ind2=" ">
    <subfield code="a">NULL</subfield>
  </datafield>
  <datafield tag="918" ind1=" " ind2=" ">
    <subfield code="a">NO APLICA</subfield>
  </datafield>
  <datafield tag="919" ind1=" " ind2=" ">
    <subfield code="a">["30","264","191"]</subfield>
  </datafield>
  <datafield tag="520" ind1=" " ind2=" ">
    <subfield code="a">El objetivo general de esta investigaci&#xF3;n consisti&#xF3; en dise&#xF1;ar una propuesta de capacitaci&#xF3;n donde se determine el uso y manejo que dan los profesores de odontolog&#xED;a de la Universidad Federico Henr&#xED;quez y Carvajal (UFHEC) a las nuevas tecnolog&#xED;as, en Santo Domingo, Distrito Nacional. Tambi&#xE9;n se propuso como otros objetivos identificar los conocimientos que manifiestan tener los docentes de Odontolog&#xED;a de UFHC sobre las nuevas tecnolog&#xED;as.El tipo de estudio fue exploratorio y se utiliz&#xF3; el m&#xE9;todo inductivo. Se aplicaron el m&#xE9;todo inductivo, se aplicaron encuestas aplicadas a los docentes de la UFHC, usando cuestionarios de preguntas abiertas y cerradas. Se tom&#xF3; una muestra de 12 docentes de manera aleatoria.La propuesta de capacitaci&#xF3;n tuvo como objetivo general brindar a los docentes de la carrera de odontolog&#xED;a de la Universidad Federico Henr&#xED;quez y Carvajal, una alternativa para mejorar el nivel t&#xE9;cnico, moderno a trav&#xE9;s de capacitaci&#xF3;n, creaci&#xF3;n de talleres, para el mejor desenvolvimiento de &#xA0;todas las asignaturas del &#xE1;rea de odontolog&#xED;a. Los beneficios directos e indirectos son los docentes y estudiantes de Odontolog&#xED;a de la UFHC.Como resultados, seg&#xFA;n los datos de la investigaci&#xF3;n, se evidenci&#xF3; el hecho de que solo tres de los encuestados han recibido alg&#xFA;n tipo de capacitaci&#xF3;n para un margen de un 25% y que nueve no han recibido ning&#xFA;n tipo, lo que revela la convicci&#xF3;n de la necesidad de una propuesta de capacitaci&#xF3;n en el uso y manejo de las nuevas tecnolog&#xED;as aplicadas a la educaci&#xF3;n. Es muy importante que el docente tenga elaborado todo su material did&#xE1;ctico en sistemas computarizados a fin de dar as&#xED; fiel cumplimiento de las exigencias de estos nuevos tiempos.</subfield>
  </datafield>
  <datafield tag="921" ind1=" " ind2=" ">
    <subfield code="a">16</subfield>
  </datafield>
  <datafield tag="922" ind1=" " ind2=" ">
    <subfield code="a">16</subfield>
  </datafield>
  <datafield tag="923" ind1=" " ind2=" ">
    <subfield code="a">0</subfield>
  </datafield>
  <datafield tag="924" ind1=" " ind2=" ">
    <subfield code="a">NO APLICA</subfield>
  </datafield>
  <datafield tag="942" ind1=" " ind2=" ">
    <subfield code="c">Tesis</subfield>
  </datafield>
  <datafield tag="999" ind1=" " ind2=" ">
    <subfield code="c">1057</subfield>
    <subfield code="d">1057</subfield>
  </datafield>
</record>
